Statistics for People Who Died or are Buried in Paris

Click here to take the quiz!

General Stats

  • This quiz has been taken 10,929 times
  • The average score is 13 of 20

Answer Stats

DiedAgeHintAnswer% Correct
182151He conquered a large chunk of EuropeNapoleon
95%
179338Last king of France's ancien régimeLouis XVI
89%
193466Polish-born scientist who studied radiationMarie Curie
89%
192391Designed a tower which bears his nameGustave Eiffel
87%
199736Member of the British royal familyPrincess Diana
86%
185243Developed a reading system for the blindLouis Braille
83%
189572
Developed a technique for heating milk to prevent bacterial contamination
Louis Pasteur
78%
188583Author of "Les Misérables"Victor Hugo
69%
197127Lead singer of the DoorsJim Morrison
66%
197277King of the United Kingdom for less than a yearDuke of Windsor
62%
193557
Founder of a French auto company which bears his name
(hint: last name starts with C)
André Citroën
61%
190046Irish-born author of "The Picture of Dorian Gray"Oscar Wilde
61%
187068Author of "The Three Musketeers"Alexandre Dumas
56%
196347"Non, je ne regrette rien", she sangÉdith Piaf
55%
177883Notable figure of the Enlightenment who wrote "Candide"Voltaire
52%
184939Polish composer and piano virtuosoFrédéric Chopin
50%
200784Possibly history's most famous mimeMarcel Marceau
31%
198983
Irish playwright whose most famous play is about waiting for
someone who never shows up
Samuel Beckett
31%
198678Feminist who wrote "The Second Sex"Simone de Beauvoir
30%
179350Assassinated in a bathtub, his death is depicted in a famous paintingJean-Paul Marat
28%

Score Distribution

Percentile by Number Answered

Percent of People with Each Score

Your Score History

You have not taken this quiz